| 000 | 00591nmm a2200169Ia 4500 | ||
|---|---|---|---|
| 008 | 251105s9999||||xx |||||||||||||||||und|| | ||
| 020 | _a9788496231078 | ||
| 041 | _aspa | ||
| 100 | _aRodrigo, Nuño | ||
| 245 | 0 |
_aLa Bolsa contada con sencillez : _b Las claves para entender el papel de la Bolsa en la sociedad actual, así como sus mecanismos internos. |
|
| 264 |
_a[Madrid, España] : _bMaeva Ediciones, _c2004 |
||
| 300 | _a0 páginas | ||
| 490 | _aContado con Sencillez | ||
| 650 | _aEconomics and Business | ||
| 856 | _uhttps://public.digitaliapublishing.com/a/31592 | ||
| 942 | _cCF | ||
| 999 |
_c89704 _d89704 |
||